[Event "SK Neumarkt e.V. 1-SC Heideck-Hilpoltste"]
[Site "?"]
[Date "2012.10.07"]
[Round "6.1"]
[White "Fink, Martin"]
[Black "Mösl, Sebastian"]
[Result "1/2-1/2"]
[WhiteElo "1869"]
[BlackElo "1819"]
[PlyCount "64"]
[EventDate "2012.??.??"]
[WhiteTeam "SC Heideck-Hilpoltstein 1"]
[BlackTeam "SK Neumarkt e.V. 1"]

1. Nf3 Nf6 2. c4 g6 3. d4 Bg7 4. Nc3 d6 5. e4 O-O 6. Be2 e5 7. dxe5 dxe5 8. Bg5
Nbd7 9. O-O h6 10. Bxf6 Nxf6 11. Qc2 Qe7 12. Nd5 Nxd5 13. cxd5 f5 14. Rac1 Rf7
15. Bc4 Qd6 16. Nd2 Kh7 17. Qb3 Rb8 18. Bd3 fxe4 19. Nxe4 Qf8 20. Nc5 Rf6 21.
Qc2 Rd6 22. Rfd1 c6 23. dxc6 Rxc6 24. Be4 Bf5 25. b4 Bxe4 26. Qxe4 Rbc8 27. g3
Qf5 28. Qe3 b6 29. Nb3 Rxc1 30. Rxc1 Rxc1+ 31. Qxc1 Qd7 32. Qd2 Qxd2 1/2-1/2

[Event "SK Neumarkt e.V. 1-SC Heideck-Hilpoltste"]
[Site "?"]
[Date "2012.10.07"]
[Round "6.2"]
[White "Simon, Martin"]
[Black "Kirchner, Norbert"]
[Result "1-0"]
[WhiteElo "1897"]
[BlackElo "1967"]
[PlyCount "183"]
[EventDate "2012.??.??"]
[WhiteTeam "SK Neumarkt e.V. 1"]
[BlackTeam "SC Heideck-Hilpoltstein 1"]

1. d4 d5 2. c4 c6 3. e3 Nf6 4. Nc3 g6 5. b3 Bg7 6. Bb2 O-O 7. Bd3 Re8 8. Nge2
Nbd7 9. cxd5 cxd5 10. O-O a6 11. Qd2 b5 12. Rfc1 Bb7 13. Nd1 Qb6 14. Ba3 e5 15.
dxe5 Nxe5 16. Bc5 Qe6 17. Nd4 Qd7 18. Bb6 Rac8 19. Be2 Ne4 20. Qb2 Qd6 21. Ba5
Nc6 22. Bb6 Ne7 23. Ba5 Nf5 24. Rxc8 Rxc8 25. Bg4 Nxd4 26. exd4 f5 27. Bf3 Ng5
28. Be2 Ne6 29. Rc1 Nxd4 30. Rxc8+ Bxc8 31. Bc3 Qb6 32. Bf1 b4 33. Bxd4 Qxd4
34. Qe2 Qe4 35. Qd3 Kf7 36. Ne3 Qxd3 37. Bxd3 Ke6 38. Nc2 Bc3 39. f4 Bb7 40.
Kf2 d4 41. Bc4+ Kf6 42. a3 a5 43. axb4 axb4 44. g3 Be4 45. Ne1 g5 46. Nd3 gxf4
47. gxf4 Bd2 48. Kg3 h6 49. h3 h5 50. h4 Bc3 51. Ne5 Bb7 52. Bf7 Be1+ 53. Kh3
Be4 54. Bc4 Bc2 55. Nd3 Bd2 56. Kg3 Bd1 57. Kf2 Ke7 58. Ne5 Kd6 59. Nd3 Kc7 60.
Nc5 Kd6 61. Nd3 Ke7 62. Ne5 Kf6 63. Nd3 Kg6 64. Ne5+ Kg7 65. Nd3 Kf6 66. Kg3
Be2 67. Bb5 Ke7 68. Kf2 Bd1 69. Bc4 Kf6 70. Kg3 Be2 71. Bb5 Be1+ 72. Nxe1 Bxb5
73. Nf3 d3 74. Nd2 Ke6 75. Kf3 Kd5 76. Ke3 Ba6 77. Nf1 Kc5 78. Ng3 Bc4 79. bxc4
Kxc4 80. Nf1 Kc3 81. Nd2 b3 82. Nxb3 Kxb3 83. Kxd3 Kb4 84. Kd4 Kb5 85. Ke5 Kc5
86. Kxf5 Kd4 87. Kg6 Ke4 88. f5 Kf4 89. f6 Kg4 90. f7 Kxh4 91. f8=Q Kg3 92.
Kxh5 1-0

[Event "SK Neumarkt e.V. 1-SC Heideck-Hilpoltste"]
[Site "?"]
[Date "2012.10.07"]
[Round "6.3"]
[White "Wegmann, Wolfgang"]
[Black "Seitner, Ralf"]
[Result "1/2-1/2"]
[WhiteElo "1863"]
[BlackElo "1877"]
[PlyCount "51"]
[EventDate "2012.??.??"]
[WhiteTeam "SC Heideck-Hilpoltstein 1"]
[BlackTeam "SK Neumarkt e.V. 1"]

1. e4 Nf6 2. e5 Nd5 3. d4 d6 4. c4 Nb6 5. exd6 exd6 6. Bd3 Be7 7. Ne2 O-O 8.
Nbc3 Bf6 9. Be3 Nc6 10. b3 Re8 11. O-O g6 12. Rc1 Ne7 13. Ng3 Bg7 14. Qd2 d5
15. c5 Nd7 16. b4 a5 17. a3 c6 18. Bb1 b5 19. Rfe1 Nf8 20. Re2 Be6 21. Rce1 Qd7
22. Bh6 Bh8 23. h4 axb4 24. axb4 Ra3 25. Bc2 Rea8 26. Nb1 1/2-1/2

[Event "SK Neumarkt e.V. 1-SC Heideck-Hilpoltste"]
[Site "?"]
[Date "2012.10.07"]
[Round "6.4"]
[White "Bothe, Matthias"]
[Black "Perner, Bastian"]
[Result "0-1"]
[WhiteElo "1876"]
[BlackElo "1881"]
[PlyCount "88"]
[EventDate "2012.??.??"]
[WhiteTeam "SK Neumarkt e.V. 1"]
[BlackTeam "SC Heideck-Hilpoltstein 1"]

1. c4 c5 2. g3 g6 3. Bg2 Bg7 4. Nf3 Nc6 5. O-O Nf6 6. d4 cxd4 7. Nxd4 O-O 8.
Nc3 a6 9. Nxc6 dxc6 10. Qc2 Qc7 11. Bf4 e5 12. Bg5 Bf5 13. e4 Be6 14. b3 Rac8
15. h3 b5 16. c5 h6 17. Be3 Rcd8 18. Rad1 Rxd1 19. Rxd1 Rd8 20. b4 a5 21. a3 a4
22. Rxd8+ Qxd8 23. Qd2 Qxd2 24. Bxd2 Kf8 25. f3 Bc4 26. Kf2 Ke7 27. h4 Ne8 28.
Bh3 Nc7 29. Bc1 Be6 30. Bxe6 Nxe6 31. Ne2 f5 32. g4 fxg4 33. fxg4 Nf4 34. Nxf4
exf4 35. Bxf4 Bb2 36. Bd2 Bxa3 37. Bc3 Bc1 38. h5 gxh5 39. gxh5 a3 40. Ke2 a2
41. Kd3 Ba3 42. Kc2 Bxb4 43. Bg7 Bxc5 44. Kb2 Be3 0-1

[Event "SK Neumarkt e.V. 1-SC Heideck-Hilpoltste"]
[Site "?"]
[Date "2012.10.07"]
[Round "6.5"]
[White "Ruderer, Thomas"]
[Black "Weber, Winfried"]
[Result "1/2-1/2"]
[WhiteElo "1749"]
[BlackElo "1916"]
[PlyCount "50"]
[EventDate "2012.??.??"]
[WhiteTeam "SC Heideck-Hilpoltstein 1"]
[BlackTeam "SK Neumarkt e.V. 1"]

1. e4 e6 2. d4 d5 3. Nd2 c5 4. exd5 exd5 5. Ngf3 Nc6 6. Bb5 Nf6 7. O-O Bd7 8.
Re1+ Be7 9. dxc5 O-O 10. Nb3 Rc8 11. c3 Bg4 12. Be2 Ne4 13. Be3 Qd7 14. Nfd2
Bxe2 15. Qxe2 Nxd2 16. Qxd2 Ne5 17. Bd4 Nc4 18. Qc2 a5 19. Rad1 a4 20. Nd2 Bxc5
21. Nxc4 Bxd4 22. Rxd4 Rxc4 23. Red1 Rxd4 24. Rxd4 b5 25. Qd1 Rd8 1/2-1/2

[Event "SK Neumarkt e.V. 1-SC Heideck-Hilpoltste"]
[Site "?"]
[Date "2012.10.07"]
[Round "6.6"]
[White "Kipferl, Wolfgang"]
[Black "Korth, Manfred"]
[Result "1-0"]
[WhiteElo "1825"]
[BlackElo "1826"]
[PlyCount "59"]
[EventDate "2012.??.??"]
[WhiteTeam "SK Neumarkt e.V. 1"]
[BlackTeam "SC Heideck-Hilpoltstein 1"]

1. e4 d6 2. d4 Nf6 3. Bd3 e5 4. d5 Be7 5. c4 Na6 6. Nc3 c6 7. h3 Nc7 8. f4 Nd7
9. Nge2 cxd5 10. exd5 Bh4+ 11. g3 Bf6 12. O-O Nc5 13. Kg2 O-O 14. b4 Nxd3 15.
Qxd3 g6 16. Bb2 Bg7 17. Rad1 Bf5 18. Qd2 h5 19. fxe5 Bxe5 20. Nd4 Bd7 21. Nf3
Bg7 22. Ne4 Ba4 23. Bxg7 Kxg7 24. Qd4+ f6 25. Rd2 Kh7 26. c5 Bb5 27. Rff2 Ne8
28. Nfg5+ fxg5 29. Rxf8 Qe7 30. Qh8# 1-0

[Event "SK Neumarkt e.V. 1-SC Heideck-Hilpoltste"]
[Site "?"]
[Date "2012.10.07"]
[Round "6.8"]
[White "Niebler, Andreas"]
[Black "Stritzelberger, Martin"]
[Result "1-0"]
[WhiteElo "1784"]
[BlackElo "1642"]
[PlyCount "57"]
[EventDate "2012.??.??"]
[WhiteTeam "SK Neumarkt e.V. 1"]
[BlackTeam "SC Heideck-Hilpoltstein 1"]

1. d4 Nf6 2. c4 g6 3. Nc3 d5 4. e3 Bg7 5. Nf3 O-O 6. h3 c6 7. Bd3 dxc4 8. Bxc4
Bf5 9. Qe2 Ne4 10. O-O Nxc3 11. bxc3 b5 12. Bb3 Bc8 13. Rd1 Bb7 14. a4 Qa5 15.
Bd2 bxa4 16. Rxa4 Qb5 17. Qc4 Qxc4 18. Bxc4 Nd7 19. Be2 c5 20. Rda1 cxd4 21.
cxd4 a6 22. Bb4 Rfe8 23. Bxa6 Bxa6 24. Rxa6 Rxa6 25. Rxa6 e6 26. Ra7 Rb8 27.
Bd6 Rb1+ 28. Kh2 Nf6 29. Ra8+ 1-0

[Event "SG Gunzenhausen/Weißenburg 2-SG Büchenba"]
[Site "?"]
[Date "2012.10.07"]
[Round "6.1"]
[White "Roß, Thomas"]
[Black "Frank, Gerhard"]
[Result "1-0"]
[WhiteElo "1989"]
[BlackElo "1704"]
[PlyCount "51"]
[EventDate "2012.??.??"]
[WhiteTeam "SG Büchenbach/Roth e.V. 2"]
[BlackTeam "SG Gunzenhausen/Weißenburg 2"]

1. e4 c5 2. Nc3 g6 3. f4 Bg7 4. Nf3 d6 5. Bb5+ Bd7 6. Bxd7+ Nxd7 7. O-O Ngf6 8.
d3 O-O 9. Bd2 a6 10. a4 Qc7 11. Qe1 e6 12. Qh4 h5 13. f5 exf5 14. exf5 Rae8 15.
h3 Ne5 16. Bg5 Nxf3+ 17. Rxf3 Nd7 18. Nd5 Qa5 19. Ne7+ Kh7 20. g4 Rxe7 21. Bxe7
Ne5 22. Rf2 Re8 23. gxh5 gxf5 24. Qg5 Rg8 25. Qxf5+ Kh8 26. Rg2 1-0

[Event "SG Gunzenhausen/Weißenburg 2-SG Büchenba"]
[Site "?"]
[Date "2012.10.07"]
[Round "6.2"]
[White "Jäger, Peter"]
[Black "Ludwig, Michael"]
[Result "1/2-1/2"]
[WhiteElo "1702"]
[BlackElo "1860"]
[PlyCount "45"]
[EventDate "2012.??.??"]
[WhiteTeam "SG Gunzenhausen/Weißenburg 2"]
[BlackTeam "SG Büchenbach/Roth e.V. 2"]

1. d4 d5 2. Bg5 Nf6 3. f3 Bf5 4. e3 Nbd7 5. c4 e6 6. c5 c6 7. Bd3 Bxd3 8. Qxd3
b6 9. cxb6 Qxb6 10. b3 c5 11. Nc3 cxd4 12. exd4 Bb4 13. Nge2 O-O 14. O-O Rac8
15. Na4 Qb7 16. Rfc1 Ba3 17. Rxc8 Rxc8 18. Bc1 Bd6 19. Bf4 Ne8 20. Bxd6 Nxd6
21. Rc1 Rxc1+ 22. Nxc1 Qc6 23. Qc3 1/2-1/2

[Event "SG Gunzenhausen/Weißenburg 2-SG Büchenba"]
[Site "?"]
[Date "2012.10.07"]
[Round "6.3"]
[White "Muskat, Gunter"]
[Black "Strobl, Thomas"]
[Result "1-0"]
[WhiteElo "1876"]
[BlackElo "1683"]
[PlyCount "51"]
[EventDate "2012.??.??"]
[WhiteTeam "SG Büchenbach/Roth e.V. 2"]
[BlackTeam "SG Gunzenhausen/Weißenburg 2"]

1. c4 e5 2. g3 Nf6 3. Bg2 Bc5 4. Nc3 O-O 5. a3 c6 6. e3 d5 7. cxd5 cxd5 8. Nge2
Nc6 9. O-O Bg4 10. h3 Be6 11. b4 Bb6 12. Bb2 Qd7 13. Kh2 d4 14. Na4 Bc7 15. Nc5
Qc8 16. exd4 exd4 17. Nxd4 Bd5 18. Nxc6 Bxc6 19. Bxc6 bxc6 20. Bxf6 gxf6 21.
Qh5 Be5 22. Rae1 Qd8 23. Re4 Qxd2 24. Rg4+ Kh8 25. Ne4 Qe2 26. Rg8+ 1-0

[Event "SG Gunzenhausen/Weißenburg 2-SG Büchenba"]
[Site "?"]
[Date "2012.10.07"]
[Round "6.4"]
[White "Sikorsky, Reinhard"]
[Black "Classen, Anton"]
[Result "1/2-1/2"]
[WhiteElo "1663"]
[BlackElo "1817"]
[PlyCount "44"]
[EventDate "2012.??.??"]
[WhiteTeam "SG Gunzenhausen/Weißenburg 2"]
[BlackTeam "SG Büchenbach/Roth e.V. 2"]

1. e4 Nf6 2. Nc3 d5 3. exd5 Nxd5 4. Bc4 Nb6 5. Bb3 Nc6 6. Nf3 Bf5 7. d3 e6 8.
h3 a5 9. Na4 Nd5 10. a3 Be7 11. Bd2 O-O 12. Bxd5 exd5 13. Nc3 Bf6 14. O-O Nd4
15. Nxd4 Bxd4 16. Qf3 Be6 17. Rab1 c6 18. Ne2 Be5 19. Rfe1 Bd6 20. Nd4 Bd7 21.
Bf4 Qc7 22. Bxd6 Qxd6 1/2-1/2

[Event "SG Gunzenhausen/Weißenburg 2-SG Büchenba"]
[Site "?"]
[Date "2012.10.07"]
[Round "6.5"]
[White "Classen, Andrej"]
[Black "Gajewski, Richard"]
[Result "1-0"]
[WhiteElo "1841"]
[BlackElo "1617"]
[PlyCount "111"]
[EventDate "2012.??.??"]
[WhiteTeam "SG Büchenbach/Roth e.V. 2"]
[BlackTeam "SG Gunzenhausen/Weißenburg 2"]

1. e4 e6 2. d4 b6 3. Nf3 Bb7 4. Bd3 Be7 5. O-O h5 6. c4 c6 7. Nc3 Na6 8. a3 Nc7
9. Re1 a6 10. Qb3 b5 11. c5 d6 12. cxd6 Qxd6 13. Be3 Nh6 14. h3 Qd8 15. Ne5 g5
16. Be2 g4 17. hxg4 Nxg4 18. Nxg4 hxg4 19. Bxg4 Bg5 20. Qd1 Bxe3 21. Rxe3 Qe7
22. Qe2 O-O-O 23. Rd1 Rh4 24. Rh3 Rg8 25. Rg3 Rgh8 26. Bh3 Rf4 27. d5 cxd5 28.
exd5 Qc5 29. Qe3 Qxe3 30. Rxe3 Rd8 31. dxe6 Rxd1+ 32. Nxd1 f5 33. Nc3 Kd8 34.
Rd3+ Kc8 35. g3 Rf3 36. Rxf3 Bxf3 37. Bxf5 Kd8 38. Kf1 Ke7 39. Ke1 Kd6 40. Kd2
Bh5 41. Ke3 Ke5 42. Bh3 Nxe6 43. Bxe6 Kxe6 44. b4 Ke5 45. f3 Be8 46. g4 Bc6 47.
f4+ Kd6 48. Kd4 Bf3 49. Ne4+ Kc6 50. g5 Kb6 51. Ke5 a5 52. f5 axb4 53. axb4 Kc7
54. g6 Bh5 55. Ng3 Bd1 56. f6 1-0

[Event "SG Gunzenhausen/Weißenburg 2-SG Büchenba"]
[Site "?"]
[Date "2012.10.07"]
[Round "6.6"]
[White "Horndasch, Lulu"]
[Black "Schönberger, Andreas"]
[Result "0-1"]
[WhiteElo "1583"]
[BlackElo "1815"]
[PlyCount "95"]
[EventDate "2012.??.??"]
[WhiteTeam "SG Gunzenhausen/Weißenburg 2"]
[BlackTeam "SG Büchenbach/Roth e.V. 2"]

1. f4 Nf6 2. Nf3 d5 3. d4 Bf5 4. e3 e6 5. Nc3 Bb4 6. Bd2 O-O 7. Bd3 c5 8. O-O
Re8 9. Ne5 cxd4 10. exd4 Qb6 11. Ne2 Bg4 12. c3 Bd6 13. Nxg4 Nxg4 14. Qc2 h6
15. h3 Nf6 16. Rf3 Nc6 17. Raf1 e5 18. fxe5 Nxe5 19. Rxf6 gxf6 20. Rxf6 Nxd3
21. Qxd3 Bh2+ 22. Kxh2 Qxf6 23. Nf4 Re4 24. g3 Rae8 25. Kg2 Qf5 26. Qf3 Qd7 27.
Qg4+ Qxg4 28. hxg4 Re2+ 29. Kf3 Rxd2 30. Nxd5 Kg7 31. Nc7 Re7 32. Nb5 a6 33.
Nd6 Rxb2 34. c4 Re6 35. Nf5+ Kf8 36. d5 Rf6 37. Ke4 Rxf5 38. gxf5 Ke7 39. c5
Rxa2 40. d6+ Kd7 41. Ke5 Ra5 42. Kf6 Rxc5 43. g4 Kxd6 44. Kxf7 Ke5 45. Kg6 Rc6+
46. Kh5 b5 47. g5 hxg5 48. Kxg5 0-1

[Event "SG Gunzenhausen/Weißenburg 2-SG Büchenba"]
[Site "?"]
[Date "2012.10.07"]
[Round "6.7"]
[White "Roß, Sandra"]
[Black "Reichert, Romuald"]
[Result "1-0"]
[WhiteElo "1709"]
[BlackElo "1749"]
[PlyCount "98"]
[EventDate "2012.??.??"]
[WhiteTeam "SG Büchenbach/Roth e.V. 2"]
[BlackTeam "SG Gunzenhausen/Weißenburg 2"]

1. e4 e5 2. Nf3 Nc6 3. Bb5 a6 4. Ba4 b5 5. Bb3 Na5 6. Nxe5 Nxb3 7. axb3 Bb7 8.
d3 Bc5 9. Nf3 Nf6 10. Be3 Qe7 11. O-O O-O 12. Bxc5 Qxc5 13. Nbd2 Qh5 14. Nd4
Qg6 15. Nf5 Rfe8 16. Nf3 d6 17. N3h4 Qg4 18. Qxg4 Nxg4 19. b4 Ne5 20. f4 Nd7
21. Nf3 g6 22. Ng3 h5 23. Rae1 Kg7 24. h4 a5 25. bxa5 Rxa5 26. Ra1 Rea8 27.
Rxa5 Rxa5 28. Rf2 Nf6 29. Rf1 Ng4 30. Rb1 b4 31. c3 b3 32. Nd2 Rb5 33. Ra1 d5
34. Ngf1 Kf6 35. Re1 Rb6 36. Ne3 Nxe3 37. Rxe3 c5 38. c4 d4 39. Re1 Bc8 40. Ra1
Bg4 41. Kf2 Ke6 42. Ke1 Ke7 43. Ra3 f6 44. Rxb3 Rb4 45. Rxb4 cxb4 46. Nb3 Kd6
47. Nxd4 Kc5 48. Nb3+ Kc6 49. Kd2 Be6 1-0

[Event "SG Gunzenhausen/Weißenburg 2-SG Büchenba"]
[Site "?"]
[Date "2012.10.07"]
[Round "6.8"]
[White "Pöschl, Herbert"]
[Black "Müller, Maximilian"]
[Result "0-1"]
[WhiteElo "1532"]
[BlackElo "1797"]
[PlyCount "76"]
[EventDate "2012.??.??"]
[WhiteTeam "SG Gunzenhausen/Weißenburg 2"]
[BlackTeam "SG Büchenbach/Roth e.V. 2"]

1. Nf3 d5 2. g3 Nf6 3. Bg2 Bf5 4. O-O c6 5. d4 h6 6. c4 e6 7. cxd5 exd5 8. Nc3
Bd6 9. e4 Nxe4 10. Nxe4 Bxe4 11. Re1 O-O 12. Qb3 Qc7 13. Bd2 Nd7 14. Rac1 Rfe8
15. Bb4 Bxb4 16. Qxb4 a5 17. Qb3 Nb6 18. Ne5 Bxg2 19. Kxg2 Re6 20. Qf3 Rae8 21.
Nd3 Rxe1 22. Rxe1 Rxe1 23. Nxe1 Nd7 24. Nd3 Nf8 25. Qe3 Qb6 26. b3 Qd8 27. Nc5
b6 28. Nd3 Ne6 29. f4 Qf6 30. Ne5 Qf5 31. Kf3 Ng5+ 32. Ke2 Qc2+ 33. Ke1 Ne4 34.
Qe2 Qc1+ 35. Qd1 Qc3+ 36. Ke2 Qb2+ 37. Kf3 Qf2+ 38. Kg4 Qxh2 0-1

[Event "SC Noris-Tarrasch N 1873 e.V. 4-SC Utten"]
[Site "?"]
[Date "2012.10.07"]
[Round "6.1"]
[White "Spiegelhauer, Tilmann"]
[Black "Süß, Stefan"]
[Result "0-1"]
[WhiteElo "1847"]
[BlackElo "1901"]
[PlyCount "46"]
[EventDate "2012.??.??"]
[WhiteTeam "SC Uttenreuth e.V. 1"]
[BlackTeam "SC Noris-Tarrasch N 1873 e.V. 4"]

1. d4 d5 2. c4 e6 3. Nc3 Be7 4. Nf3 Nf6 5. Bg5 h6 6. Bh4 O-O 7. e3 Ne4 8. Bxe7
Qxe7 9. Bd3 Nxc3 10. bxc3 dxc4 11. Bxc4 Nd7 12. O-O b6 13. Qe2 Bb7 14. e4 e5
15. Rfe1 c5 16. Bd5 Rab8 17. dxe5 Nxe5 18. Nxe5 Qxe5 19. c4 Bc8 20. Qd2 Bd7 21.
f4 Qe7 22. Re3 Qf6 23. Rg3 Qxa1+ 0-1

[Event "SC Noris-Tarrasch N 1873 e.V. 4-SC Utten"]
[Site "?"]
[Date "2012.10.07"]
[Round "6.2"]
[White "Mättig, Stefan"]
[Black "Miederer, Karl"]
[Result "1-0"]
[WhiteElo "1983"]
[BlackElo "1837"]
[PlyCount "59"]
[EventDate "2012.??.??"]
[WhiteTeam "SC Noris-Tarrasch N 1873 e.V. 4"]
[BlackTeam "SC Uttenreuth e.V. 1"]

1. e4 c5 2. Nf3 Nc6 3. d4 cxd4 4. Nxd4 e6 5. Nc3 Qb6 6. Ndb5 Bc5 7. Nd6+ Ke7 8.
Nf5+ Kf8 9. Ne3 a6 10. g3 Nf6 11. Bg2 Ne5 12. O-O Qc7 13. Kh1 h5 14. f4 Neg4
15. Qf3 Bxe3 16. Bxe3 h4 17. gxh4 Nxe3 18. Qxe3 Rxh4 19. h3 d5 20. e5 Nh5 21.
Rf3 d4 22. Qf2 Rxf4 23. Rxf4 Nxf4 24. Qxf4 dxc3 25. bxc3 Qxc3 26. Rd1 Qc7 27.
Qh4 Ke8 28. Qh8+ Ke7 29. Qxg7 Rb8 30. Rf1 1-0

[Event "SC Noris-Tarrasch N 1873 e.V. 4-SC Utten"]
[Site "?"]
[Date "2012.10.07"]
[Round "6.3"]
[White "Traut, Gerhard"]
[Black "Renner, Christian"]
[Result "0-1"]
[WhiteElo "1786"]
[BlackElo "1898"]
[PlyCount "46"]
[EventDate "2012.??.??"]
[WhiteTeam "SC Uttenreuth e.V. 1"]
[BlackTeam "SC Noris-Tarrasch N 1873 e.V. 4"]

1. d4 Nf6 2. Nf3 e6 3. e3 d5 4. Bd3 b6 5. Qe2 Bb7 6. O-O Bd6 7. Nbd2 O-O 8. c4
Nbd7 9. a3 a5 10. b3 Ne4 11. Bb2 Qf6 12. Rab1 Qe7 13. Ra1 Qf6 14. Rfb1 Qh6 15.
h3 f5 16. Ne5 Nxe5 17. dxe5 Bc5 18. Nf3 f4 19. Re1 fxe3 20. fxe3 Rf7 21. Bxe4
dxe4 22. Nd2 Raf8 23. Bd4 Bxd4 0-1

[Event "SC Noris-Tarrasch N 1873 e.V. 4-SC Utten"]
[Site "?"]
[Date "2012.10.07"]
[Round "6.4"]
[White "Süß, Helmut"]
[Black "Beck, Gerhard"]
[Result "1-0"]
[WhiteElo "1917"]
[BlackElo "1739"]
[PlyCount "59"]
[EventDate "2012.??.??"]
[WhiteTeam "SC Noris-Tarrasch N 1873 e.V. 4"]
[BlackTeam "SC Uttenreuth e.V. 1"]

1. d4 d5 2. c4 c6 3. Nf3 Nf6 4. Nc3 a6 5. c5 Nbd7 6. Bf4 Nh5 7. Bd2 Nhf6 8. e3
g6 9. Be2 Bg7 10. O-O O-O 11. b4 Qc7 12. a4 Qb8 13. b5 axb5 14. axb5 Rxa1 15.
Qxa1 e5 16. Rb1 Qc7 17. Qa7 Qb8 18. Qxb8 Nxb8 19. Nxe5 Ne4 20. Nxe4 Bxe5 21.
Ng3 Bxg3 22. hxg3 Bf5 23. Ra1 Bd7 24. Ra7 Bc8 25. Ba5 Re8 26. Bc7 Nd7 27. bxc6
bxc6 28. Bd1 Nf8 29. Ba4 Bd7 30. Bd6 1-0

[Event "SC Noris-Tarrasch N 1873 e.V. 4-SC Utten"]
[Site "?"]
[Date "2012.10.07"]
[Round "6.5"]
[White "Meyer, Jürgen"]
[Black "Rausch, Wolfgang sr"]
[Result "1/2-1/2"]
[WhiteElo "1710"]
[BlackElo "1896"]
[PlyCount "55"]
[EventDate "2012.??.??"]
[WhiteTeam "SC Uttenreuth e.V. 1"]
[BlackTeam "SC Noris-Tarrasch N 1873 e.V. 4"]

1. d4 e6 2. Nf3 d5 3. e3 Nf6 4. Bd3 Nbd7 5. O-O Bd6 6. Nbd2 O-O 7. b3 e5 8.
dxe5 Nxe5 9. Bb2 Nxd3 10. cxd3 Re8 11. Rc1 c6 12. Re1 Bf5 13. Nf1 h6 14. Ng3
Bh7 15. Qd2 Qe7 16. Nd4 Bb4 17. Bc3 Bxc3 18. Qxc3 Ng4 19. Nf3 Qd6 20. d4 Be4
21. Nd2 Bg6 22. h3 Nf6 23. Qc5 Qe6 24. Qb4 Qe7 25. Qxe7 Rxe7 26. a3 Rae8 27.
Rc3 Nd7 28. Nf3 1/2-1/2

[Event "SC Noris-Tarrasch N 1873 e.V. 4-SC Utten"]
[Site "?"]
[Date "2012.10.07"]
[Round "6.6"]
[White "Junk, Philipp"]
[Black "Otto, Moritz"]
[Result "1/2-1/2"]
[WhiteElo "1850"]
[BlackElo "1730"]
[PlyCount "53"]
[EventDate "2012.??.??"]
[WhiteTeam "SC Noris-Tarrasch N 1873 e.V. 4"]
[BlackTeam "SC Uttenreuth e.V. 1"]

1. e4 c5 2. Bc4 e6 3. Nc3 Ne7 4. e5 d5 5. exd6 Ng6 6. Nb5 Bxd6 7. Nxd6+ Qxd6 8.
Nf3 O-O 9. O-O Nc6 10. d3 e5 11. h3 Nd4 12. Be3 Bf5 13. Nd2 Qc6 14. a4 Nh4 15.
Ne4 Bxe4 16. dxe4 Qxe4 17. Qg4 Qxg4 18. hxg4 Nxc2 19. Bxc5 Rfc8 20. Rac1 Rxc5
21. Rxc2 Rac8 22. Rfc1 Kf8 23. f3 Ng6 24. g3 Ne7 25. Bd3 Rxc2 26. Rxc2 Rxc2 27.
Bxc2 1/2-1/2

[Event "SC Noris-Tarrasch N 1873 e.V. 4-SC Utten"]
[Site "?"]
[Date "2012.10.07"]
[Round "6.7"]
[White "Müller, Heiko"]
[Black "Lenz, Harald"]
[Result "1/2-1/2"]
[WhiteElo "1624"]
[BlackElo "1770"]
[PlyCount "49"]
[EventDate "2012.??.??"]
[WhiteTeam "SC Uttenreuth e.V. 1"]
[BlackTeam "SC Noris-Tarrasch N 1873 e.V. 4"]

1. c4 c6 2. Nc3 d5 3. cxd5 cxd5 4. d4 Nc6 5. e3 Nf6 6. Bb5 Bd7 7. Nge2 e6 8.
O-O Bd6 9. h3 O-O 10. Bd2 a6 11. Bxc6 Bxc6 12. a4 Qb6 13. a5 Qc7 14. Na4 Rfd8
15. Nc5 Bxc5 16. dxc5 Bb5 17. b4 Ne4 18. Re1 Nxd2 19. Qxd2 Be8 20. Qb2 Qe7 21.
Nd4 Qf6 22. Re2 Rac8 23. Nf3 Qxb2 24. Rxb2 g6 25. Nd4 1/2-1/2

[Event "SC Noris-Tarrasch N 1873 e.V. 4-SC Utten"]
[Site "?"]
[Date "2012.10.07"]
[Round "6.8"]
[White "Bischoff, Hermann"]
[Black "Böhme, Markus"]
[Result "0-1"]
[WhiteElo "1790"]
[BlackElo "1507"]
[PlyCount "72"]
[EventDate "2012.??.??"]
[WhiteTeam "SC Noris-Tarrasch N 1873 e.V. 4"]
[BlackTeam "SC Uttenreuth e.V. 1"]

1. e4 e5 2. Nf3 Nc6 3. Bb5 f5 4. d3 fxe4 5. dxe4 Nf6 6. O-O d6 7. Re1 Bg4 8. c3
Be7 9. Nbd2 O-O 10. Qc2 Nd7 11. Be2 Kh8 12. h3 Be6 13. Nf1 Qe8 14. Ng3 Qg6 15.
Nh2 Bh4 16. Bh5 Qf6 17. Nf3 g6 18. Nxh4 Qxh4 19. Be2 Rf7 20. Be3 Qe7 21. Nf1
Nb6 22. Nd2 d5 23. f3 Rd8 24. Rad1 d4 25. Bf2 Qg5 26. h4 Qf4 27. Nf1 Rfd7 28.
Bb5 Rd6 29. b3 a6 30. Bxc6 Rxc6 31. c4 Nd7 32. Bg3 Qf6 33. Qd2 b6 34. Qh6 Qg7
35. Qg5 Re8 36. f4 h6 0-1

[Event "SK 1911 Herzogenaurach e.V. 1-SG Siemens Erlangen e.V. 1"]
[Site "?"]
[Date "2012.10.07"]
[Round "6.1"]
[Board "1"]
[White "Fett, Helmut"]
[Black "Sattler, Stefan"]
[Result "1/2-1/2"]
[WhiteElo "1769"]
[BlackElo "2074"]
[WhiteTeam "SG Siemens Erlangen e.V. 1"]
[BlackTeam "SK 1911 Herzogenaurach e.V. 1"]

1. c4 e5 2. g3 Nc6 3. Bg2 d6 4. Nc3 g6 5. e3 Bg7 6. Nge2 Nge7 7. O-O O-O 8. d3
Be6 9. Nd5 Qd7 10. Nxe7+ Nxe7 11. Bxb7 Rab8 12. Bg2 f5 13. b3 f4 14. exf4 exf4
15. Bxf4 Bxa1 16. Qxa1 Bh3 17. Bxh3 Qxh3 18. Be3 a6 19. Nf4 Qd7 20. Re1 c6 21.
c5 Nf5 22. cxd6 Qxd6 23. Qc3 Rfe8 24. Qc4+ Kg7 25. Bd2 Rxe1+ 26. Bxe1 g5 27.
Bc3+ Kh6 28. Qf7 gxf4 29. Qxf5 Rb5 30. Qe4 fxg3 31. hxg3 Rd5 32. Qg4 Qg6 33.
Qh4+ Qh5 34. Qf4+ Qg5 35. Qf8+ Kh5 36. Qf3+ Kg6 37. Qe4+ Qf5 38. Qe8+ Kg5 39.
Qe3+ Kg6 40. Qe8+ Kg5 41. Bd2+ Kg4 42. Qe2+ Qf3 43. Qe6+ Qf5 44. Qe2+ 1/2-1/2

[Event "SK 1911 Herzogenaurach e.V. 1-SG Siemens Erlangen e.V. 1"]
[Site "?"]
[Date "2012.10.07"]
[Round "6.2"]
[Board "2"]
[White "Bock, Helmar"]
[Black "Pölsterl, Hans"]
[Result "1-0"]
[WhiteElo "2032"]
[BlackElo "1871"]
[WhiteTeam "SK 1911 Herzogenaurach e.V. 1"]
[BlackTeam "SG Siemens Erlangen e.V. 1"]

1. e4 c6 2. d4 d5 3. exd5 cxd5 4. c4 Nf6 5. Nc3 Nc6 6. Bg5 Ne4 7. Nxe4 dxe4 8.
d5 Ne5 9. Qd4 h6 10. Bd2 Nd3+ 11. Bxd3 exd3 12. Nf3 e6 13. O-O Qf6 14. Qxd3 Bd7
15. Bc3 Qf4 16. Ne5 Rd8 17. g3 Qg5 18. d6 h5 19. h4 Qh6 20. c5 Rg8 21. Bd2 g5
22. Qf3 Qg7 23. Nxd7 Rxd7 24. Bxg5 Qd4 25. Bf6 Qg4 26. Kg2 Rg6 27. Qxg4 Rxg4
28. f4 Rg6 29. Bc3 f5 30. Rfe1 Bh6 31. Kh3 Rf7 32. b4 a6 33. Rad1 Kd7 34. a4
Bg7 35. Be5 Bxe5 36. Rxe5 Rfg7 37. Rd3 Kc6 38. Re2 Kd7 39. b5 Rg8 40. bxa6 bxa6
41. Rb3 Kc6 42. Re5 Ra8 43. Rb6+ Kd7 44. Rb7+ Ke8 45. c6 Rc8 46. Re7+ Kf8 47.
c7 1-0

[Event "SK 1911 Herzogenaurach e.V. 1-SG Siemens Erlangen e.V. 1"]
[Site "?"]
[Date "2012.10.07"]
[Round "6.3"]
[Board "3"]
[White "Semerow, Anatoli"]
[Black "Glitz, Martin"]
[Result "1/2-1/2"]
[WhiteElo "1871"]
[BlackElo "1979"]
[WhiteTeam "SG Siemens Erlangen e.V. 1"]
[BlackTeam "SK 1911 Herzogenaurach e.V. 1"]
1. e4 c6 2. d4 d5 3. exd5 cxd5 4. Nf3 Nc6 5. Bf4 Bf5 6. Bd3 Bxd3 7. Qxd3 e6 8.
O-O Nf6 9. c3 Bd6 10. Bxd6 Qxd6 11. Nbd2 O-O 12. Rfe1 Qc7 13. h3 h6 14. Re3 Nd7
15. Rae1 b5 16. Nh2 Ne7 17. Ndf3 Nf5 18. R3e2 Qc4 19. Qb1 b4 20. g4 Nd6 21. Nd2
Qb5 22. Re3 Rfc8 23. Qd1 bxc3 24. bxc3 Qb2 25. R1e2 Qb5 26. Nhf3 Rab8 27. Kg2
Nc4 28. Nxc4 Qxc4 29. g5 hxg5 30. Nxg5 Nf8 31. Rd2 Nh7 32. Qh5 Nxg5 33. Qxg5 g6
34. Rxe6 1/2-1/2